• 首页
  • 本馆介绍
  • 公告通知
  • 最新文献
  • 馆藏检索
  • 电子资源
  • 读者导购
  • 参考咨询
  • 我的图书馆
  • 登录
  • 详细信息显示
  • 放入我的书架
  • 预约/预借图书
  • 作者相关作品
  • 分类相关作品
  • 丛书相关作品
  • 出版社相关作品

书目信息

  • 表格格式
  • 工作单格式
  • 卡片格式
题名:
输出美国:美国新闻署与美国公众外交
    
 
作者: 韩召颖 著
分册:  
出版信息: 天津   天津人民出版社  2000.4
页数: 308页
开本: 20cm
丛书名:
单 册:
中图分类: D871.29
科图分类:
主题词: 外交史--美国
电子资源:
ISBN: 7-201-03487-1
000 00635nam0 2200205 45
001 0112100956
005 20031219104051.8
010    @a7-201-03487-1@dCNY20.00
100    @a20011210d2000 km y0chiy0120 ea
101 0  @achi
105    @a z 000yy
200 1  @a输出美国:美国新闻署与美国公众外交@AShu Chu Mei Guo:Mei Guo Xin Wen Shu Yu Mei Guo Gong Zhong Wai Jiao@f韩召颖著@FHan Zhao Ying Zhu
210    @a天津@c天津人民出版社@d2000.4
215    @a308页@d20cm
601 02 @a美国新闻署@x概况
606 0  @a外交史@y美国
690    @aD871.29@v4
701  0 @a韩召颖@4著
801    @aCN@bTSTC@c20011210
905    @f5@b301338-342@dD871.29@e29
    
    输出美国:美国新闻署与美国公众外交/韩召颖著.-天津:天津人民出版社,2000.4
    308页;20cm
    
    
    ISBN 7-201-03487-1:CNY20.00
    
●
相关链接 在E读中查询图书 在五车中查询图书 在当当中查询图书 在豆瓣中查询图书


正题名:输出美国:美国新闻署与美国公众外交     索取号:D871.29/29         预约/预借

序号 登录号 条形码 馆藏地/架位号 状态 备注
1 0301338   203013381   第一借阅区/ [索取号:D871.29/29] 在馆    
2 0301339   203013390   第一借阅区/ [索取号:D871.29/29] 在馆    
3 0301340   203013407   第一借阅区/ [索取号:D871.29/29] 在馆    
4 0301341   203013416   第一借阅区/ [索取号:D871.29/29] 在馆    
5 0301342   203013425   第一样本阅览室/ [索取号:D871.29/29] 在馆    
唐山师范学院图书馆 欢迎您!
大连网信软件有限公司© 版权所有